00912nam a2200241 a 450000100100000000500170001000800410002702000150006804000250008308200130010810000300012124000350015124500940018626000320028030000280031249000500034050400260039070000350041670000340045183000570048595201110054299900170065300004176520201002035736.0130902s1985 sp a 000 0 spa d a843458168x aDO-SdBNPbspacBNPHU axxxbxxx1 aWhite, Christopher96861310aRembrandt and his woldlIngles10aRembrandt /cChristopher White; prólogo, Josep Guinovart; traducción, Camila Batlles. aBarcelona :bSalvat,c1985. a205 p. :bil. ;c20 cm.1 aBiblioteca Salvat de grandes biografíasv23 aBibliografía p: 2051 aGuinovart, Josepeprol.9686141 aBatlles, Camilaetrad.944604 0aBiblioteca Salvat de grandes biografíasv23942025 001050718MOaGRbGRcCTd2013-10-16iLF1l0oxxx xxxp41765-10r2020-06-25w2020-06-25y1ZNo se presta c41254d41254